00730nam a2200181Ia 4500001001000000003000500010008004100015010001100056040000900067100002800076245018700104260003400291300001000325502010600335650003000441650002700471710005000498Para_8398CHAP220125s2002 xx 000 0 und d a205239 cCHAP aLópez Romero, Enrique aIdentificación, daños y control de los hongos causantes de pudriciones de raíz y cuello del césped (Pennisetum clandestinum Hochst. ex Chiov.) /c por Enrique López Romero aChapingo, Méx. :b el autor a74 h. aTesis (Ing. Agr. Esp. en Parasitología Agrícola) -- UACh. Departamento Parasitología Agrícola aCésped x enfermedades  aHongos fitopatógenos aUACh. Departamento Parasitología Agrícola